000 00566nam a2200205Ia 4500
005 20240409092219.0
008 131103s9999 xx 000 0 und d
020 _a195602056
_cRs.38.50
040 _aLoreto College
041 _aEnglish
082 _a428
_bHOW
100 _aHowe, D.H.
245 _aGuided english for india book 2
_b a course for secondary schools
_cD.H. Howe
260 _aCalcutta
_bOxford university press
_c1995
300 _ax,186p.
_b pic.
650 _aEnglish reader
651 _aEnglish language
850 _aLCBED
942 _cBK
999 _c30090
_d80569